Statistics for London Gatwick (LGW) Airport Destinations

Click here to take the quiz!

General Stats

  • This quiz has been taken 208 times
    (153 since last reset)
  • The average score is 96 of 194

Answer Stats

Airline/sDestination% Correct
easyJet, VuelingBarcelona
95%
Air Europa, easyJet, Iberia ExpressMadrid
95%
easyJet, TAP Air PortugalLisbon
92%
RyanairDublin
91%
Norwegian Air ShuttleOslo
91%
easyJetEdinburgh
90%
easyJetBerlin
88%
easyJetAmsterdam
87%
Aegean Airlines, easyJet, Wizz AirAthens
86%
easyJet, Norwegian Air ShuttleCopenhagen
86%
British Airways, easyJetGlasgow
86%
easyJet, VuelingParis (Charles de Gaulle)
86%
VuelingParis (Orly)
86%
Norwegian Air ShuttleStockholm (Arlanda)
86%
easyJetBelfast (City)
84%
easyJetBelfast (International)
84%
EmiratesDubai (International)
84%
Norwegian Air ShuttleHelsinki
84%
JetBlueNew York (John F. Kennedy)
84%
easyJet, TAP Air PortugalPorto
84%
easyJet, VuelingRome (Fiumicino)
84%
easyJetZurich
84%
Turkish AirlinesIstanbul
83%
British AirwaysManchester (UK)
83%
easyJetMilan (Linate)
83%
easyJetMilan (Malpensa)
83%
easyJet, Swiss International Airlines, TUI AirwaysGeneva
82%
Wizz AirBucharest
81%
easyJet, Ryanair, TUI Airways, VuelingAlicante
79%
easyJetMunich
79%
airBatlicRiga
79%
easyJetVienna
79%
Corendon AIrlines, easyJet, Freebird Airways, SunExpress, TUI Airways, Turkish AirlinesAntalya
78%
easyJetLyon
78%
Air Malta, easyJet, Wizz AirMalta
78%
easyJetMarseille
78%
easyJetVenice
78%
easyJetAberdeen
77%
easyJet, Wizz AirBudapest
77%
Ukraine International AirlinesKiev (Boryspil)
77%
easyJet, Ryanair, TUI Airways, Wizz AirMalaga
77%
BH Air, easyJet, TUI Airways, Wizz AirSofia
77%
Royal Air MarocCasablanca
75%
Air Transat, WestJetToronto (Pearson)
74%
easyJetHamburg
73%
easyJetNice
73%
easyJetDusseldorf
71%
easyJetPrague
71%
easyJetSeville
71%
Norwegian Air ShuttleBergen
70%
Aegean Airlines, easyJet, TUI AirwaysCorfu
70%
easyJet, Icelandair, TUI AirwaysReykjavik (Keflavik)
70%
easyJetBasel/Mulhouse
69%
British Airways, Qatar AirwaysDoha
69%
easyJet, TUI AirwaysDubrovnik
69%
Corendon Airlines, easyJet, TUI AirwaysRhodes
69%
easyJet, TUI AirwaysTenerife (South)
69%
easyJet, VuelingValencia
69%
airBalticVilnius
69%
easyJet, Wizz AirKrakow
68%
easyJet, Royal Air Maroc, TUI AirwaysMarrakesh
68%
easyJet, TUI AirwaysNaples
68%
easyJet, TUI AirwaysFaro
66%
NouvelairTunis
66%
easyJet, VuelingBilbao
65%
easyJet, TUI AirwaysIbiza
65%
easyJet, TUI AirwaysIzmir
65%
easyJet, TUI Airways, TunisairTurin
65%
Croatia Airlines, easyJet, TUI AirwaysSplit
64%
airBaltic, easyJetTallinn
64%
easyJetBordeaux
62%
VuelingFlorence
62%
Air TransatMontreal (Trudeau)
62%
RossiyaSaint Petersburg (Pulkovo)
61%
easyJetTel Aviv
61%
WestJetVancouver
61%
TUI AirwaysSal
60%
easyJet, TUI AirwaysToulouse
60%
Corendon Airlines, easyJet, TUI AirwaysHeraklion
58%
easyJet, TUI AirwaysGran Canaria
57%
easyJetInverness
57%
easyJet, TUI AirwaysSantorini
57%
easyJet, TUI AirwaysThessaloniki
57%
easyJetBari
56%
RyanairShannon
56%
easyJet, TUI AirwaysSalzburg
55%
easyJet, TUI AirwaysFunchal
53%
Condor, TUI AirwaysLarnaca
53%
easyJetPalermo
53%
easyJet, TUI AirwaysInnsbruck
52%
easyJet, TUI AirwaysKos
52%
easyJetMykonos
52%
easyJet, TUI AirwaysPalma de Mallorca
52%
BelaviaMinsk
51%
British AirwaysOrlando
51%
TUI AirwaysOrlando/Sanford
51%
easyJetStuttgart
51%
easyJetBologna
49%
British Airways, TUI AirwaysCancun
49%
easyJetTirana
49%
easyJet, TUI AirwaysVerona
49%
Corendon Airlines, easyJet, TUI Airways, Turkish AirlinesBodrum
48%
easyJetPisa
48%
BH Air, easyJet, TUI AirwaysVarna
48%
easyJetCatania
47%
easyJetJersey
47%
easyJet, Royal Air Maroc, TUI AirwaysAgadir
45%
easyJet, TUI AirwaysPaphos
45%
China Eastern AirlinesShanghai (Pudong)
45%
easyJetCagliari
44%
easyJet, TUI AirwaysHurghada
44%
easyJet, TUI Airways, Wizz AirLanzarote
44%
easyJetLuxembourg
44%
easyJet, TUI AirwaysMenorca
44%
easyJetNantes
44%
Georgian AirwaysTbilisi
44%
easyJetLjubljana
43%
easyJet, EgyptAir, TUI AirwaysSharm El Sheikh
43%
BH Air, easyJet, TUI AirwaysBurgas
42%
WestJetCalgary
42%
Wizz AirGdansk
42%
Norwegian Air ShuttleTrondheim
40%
easyJet, TUI AirwaysChania
39%
British Airways, TUI AirwaysPunta Cana
38%
Norwegian Air ShuttleStavanger
38%
Air ArabiaTangier
38%
Corendon Airlines, easyJet, TUI Airways, Turkish AirlinesDalaman
35%
British AirwaysSaint Kitts
35%
British Airways, TUI AirwaysSaint Lucia (Hewanorra)
35%
easyJet, TUI AirwaysZakynthos
35%
easyJet, TUI AirwaysFuerteventura
34%
WestJetWestJetHalifax
34%
British Airways, TUI AirwaysMontego Bay
34%
easyJetMontpellier
34%
easyJet, TUI AirwaysPula
32%
British AirwaysAntigua
31%
British Airways, TUI AirwaysBarbados
31%
easyJetGibraltar
31%
AurignyGuernsey
31%
British AirwaysTampa
31%
Norwegian Air ShuttleTromso
31%
easyJetBergamo
30%
British AirwaysKingston
30%
easyJetZadar
30%
British AirwaysLas Vegas
29%
easyJetMurcia
29%
easyJet, TUI AirwaysOlbia
29%
easyJetGrenoble
27%
British AirwaysSan Jose (CR)
27%
easyJetTivat
27%
easyJetKalamata
25%
TUI AirwaysSkiathos
25%
easyJet, TUI AirwaysAlmeria
23%
British AirwaysGrenada
23%
TUI AirwaysBoa Vista
22%
easyJet, VuelingSantiago de Compostela
22%
easyJetBrindisi
21%
easyJetIsle of Man
21%
easyJet, TUI AirwaysKefalonia
21%
TUI AirwaysLa Palma
21%
TUI AirwaysDakar (Blaise Diagne)
19%
TUI AirwaysLamezia Terme
19%
easyJet, TUI AirwaysPreveza/Kefkada
19%
easyJetAqaba
18%
TUI AirwaysGirona
18%
British AirwaysPort of Spain
18%
TUI AirwaysReus
18%
TUI AirwaysAruba
17%
easyJetBiarritz
17%
British AirwaysMauritius
17%
TUI AirwaysPhuket
17%
British AirwaysProvidenciales
17%
TUI AirwaysSamos
16%
TUI AirwaysJerez de la Frontera
14%
easyJetLa Rochelle
14%
TUI AirwaysLiberia (CR)
14%
easyJetNewquay
14%
TUI AirwaysPuerto Vallarta
14%
easyJetRovaniemi
14%
TUI AirwaysVaradero
14%
easyJetVolos
12%
TUI AirwaysBanjul
10%
TUI AirwaysGoa
10%
British AirwaysIslamabad
10%
easyJet, TUI AirwaysEnfidha
9%
easyJetFigari
9%
British AirwaysTobago
9%
easyJetToulon
8%
TUI AirwaysChambery
6%
TUI AirwaysKavala
5%
TUI AirwaysMelbourne (FL)
5%
SkyAlpsBolzano
3%
TUI AirwaysPorto Santo
1%
easyJetFriedrichshafen
0%

Score Distribution

Percentile by Number Answered

Percent of People with Each Score

Your Score History

You have not taken this quiz since the last reset